| 000 | 00510nam a2200169Ia 4500 | ||
|---|---|---|---|
| 999 |
_c36346 _d36346 |
||
| 003 | OSt | ||
| 005 | 20201230111638.0 | ||
| 008 | 190216s9999||||xx |||||||||||||| ||und|| | ||
| 040 | _coclc | ||
| 082 |
_a808.0665 _bDAY/H |
||
| 100 |
_aDay, Robert A _97972 |
||
| 245 | 0 |
_aHow To Write And Publish A Scientific Paper / _cRobert A Day |
|
| 260 |
_bVikas Publishing House, _aNew Delhi: _c1996. |
||
| 300 | _a160p | ||
| 650 | _aReferences | ||
| 942 |
_cBK _2ddc _h808.0665 _iDAY/H _k808.0665 _mDAY/H |
||